Wochentage auf Englisch - Statistiken

Allgemein
  • Dieses Quiz wurde 94 mal gespielt
  • Das Durchschnittsergebnis liegt bei 7 aus 7
Antwortstatistiken
Deutsch Englisch % Korrekt
Montag Monday
100%
Freitag Friday
94%
Samstag Saturday
93%
Sonntag Sunday
93%
Donnerstag Thursday
93%
Dienstag Tuesday
93%
Mittwoch Wednesday
88%
Keine übereinstimmenden Quizze gefunden
Verteilung der Resultate
Anzahl Personen mit jedem Resultat
Perzentil nach korrekt beantworteten Fragen
Ihre Resultats-Entwicklung
Sie haben dieses Quiz noch nicht gespielt